| 000 | 00615nam a2200193 4500 | ||
|---|---|---|---|
| 001 | 127205 | ||
| 003 | ES-MaACL | ||
| 007 | t| | ||
| 008 | 070214s1957 fr r ||||1| fre d | ||
| 100 | 1 |
_aReymond, Arnold. _996602 |
|
| 245 | 1 | 4 |
_aLes principes de la logique et la critique contemporaine / _cArnold Reymond. |
| 250 | _aNouvelle edition augm. | ||
| 260 |
_aParis : _bJ. Vrin, _c1957. |
||
| 300 |
_aXXV, 277 p. ; _c19 cm. |
||
| 490 | 1 | _aBibliothèque d'histoire de la philosophie | |
| 830 | 0 |
_aBibliothèque d'histoire de la philosophie _9177275 |
|
| 852 |
_aES-MaACL _jG-2645 _bR.113784 |
||
| 999 |
_c127205 _d127205 |
||